书目信息 |
| 题名: |
非结构动网格计算方法
|
|
| 作者: | 刘君 , 白晓征 , 郭正 著 | |
| 分册: | ||
| 出版信息: | 长沙 国防科技大学出版社 2009.06 |
|
| 页数: | 248页 | |
| 开本: | 23cm | |
| 丛书名: | ||
| 单 册: | ||
| 中图分类: | O357.1 | |
| 科图分类: | ||
| 主题词: | 非定常流动--fei ding chang liu dong--研究 | |
| 电子资源: | ||
| ISBN: | 978-7-81099-666-2 | |
| 000 | 01135nam0 2200277 450 | |
| 001 | 012010943058 | |
| 005 | 20100428185344.46 | |
| 010 | @a978-7-81099-666-2@dCNY28.00 | |
| 100 | @a20100428d2009 em y0chiy0120 ea | |
| 101 | 0 | @achi |
| 102 | @aCN@b430000 | |
| 105 | @aak a 000yy | |
| 106 | @ar | |
| 200 | 1 | @a非结构动网格计算方法@Afei jie gou dong wang ge ji suan fang fa@e及其在包含运动界面的流场模拟中的应用@f刘君, 白晓征, 郭正著@Fliu jun,bai xiao zheng,guo zheng zhu |
| 210 | @a长沙@c国防科技大学出版社@d2009.06 | |
| 215 | @a248页@c图@d23cm | |
| 320 | @a有书目 (第244-248页) | |
| 330 | @a本书所讨论的非定常流动的主要包括两大类:一是流场中有多个飞行体,它们之间有相对运动,称为多体分离问题;二是物体表面的变形对流场影响不容忽视的情况。 | |
| 517 | 1 | @a及其在包含运动界面的流场模拟中的应用@Aji qi zai bao han yun dong jie mian di liu chang mo ni zhong de ying yong |
| 606 | 0 | @a非定常流动@Afei ding chang liu dong@x研究 |
| 690 | @aO357.1@v4 | |
| 701 | 0 | @a刘君@Aliu jun@4著 |
| 701 | 0 | @a白晓征@Abai xiao zheng@4著 |
| 701 | 0 | @a郭正@Aguo zheng@4著 |
| 801 | 0 | @aCN@bQSSK@c20100428 |
| 905 | @b779285-87@dO357.1@eL635@f3 | |
| 非结构动网格计算方法:及其在包含运动界面的流场模拟中的应用/刘君, 白晓征, 郭正著.-长沙:国防科技大学出版社,2009.06 |
| 248页:图;23cm |
| ISBN 978-7-81099-666-2:CNY28.00 |
| 本书所讨论的非定常流动的主要包括两大类:一是流场中有多个飞行体,它们之间有相对运动,称为多体分离问题;二是物体表面的变形对流场影响不容忽视的情况。 |
| ● |
| 相关链接 |
|
|
|
正题名:非结构动网格计算方法
索取号:O357.1/L635
 
预约/预借
| 序号 | 登录号 | 条形码 | 馆藏地/架位号 | 状态 | 备注 |
| 1 | 779285 | 207792851 | 自科库401/401自科库 53排6列5层/ [索取号:O357.1/L635] | 在馆 | |
| 2 | 779286 | 207792860 | 自科库401/401自科库 53排6列5层/ [索取号:O357.1/L635] | 在馆 | |
| 3 | 779287 | 207792879 | 自科库401/401自科库 53排6列5层/ [索取号:O357.1/L635] | 在馆 |